Szczegóły MARC21

Progresywne zapożyczenia pochodzenia łacińskiego w polszczyźnie XIX wieku /

003 -Nazwa inst., której nr kontr. jest w polu 001 [,]
    • @
    • Nazwa instytucji, której n kontrolny jest w polu 001
    • NUKAT
005 -DATA I CZAS OSTATNIEJ MODYFIKACJI [,]
    • @
    • pole kontrolne
    • 20241231103336.0
020 -Międzynarod. znormalizowany nr książki - ISBN [ , ]
    • a
    • Numer ISBN
    • 8386710624 Find
040 -Instytucja sporządzająca opis [ , ]
    • a
    • Instytucja, która sporządziła opis (NP)
    • WR O/KK
    • c
    • Instytucja, która sporządziła rekord (NP)
    • WR O/KK
    • d
    • Instytucja, która zmodyfikowała rekord (P)
    • WR O/KKs
    • d
    • Instytucja, która zmodyfikowała rekord (P)
    • WR O/LC
942 -Rodzaj dokumentu [ , ]
    • c
    • Rodzaj dokumentu
    • Książka
100 -Hasło główne - nazwa osobowa [1, ]
    • a
    • Nazwa osobowa (NP)
    • Skorupska-Raczyńska, Elżbieta
    • d
    • Daty biograficzne (NP)
    • (1955- ).
    • 9
    • KHW
    • 13597
245 -Strefa tytułu i oznaczenia odpowiedzialności [1,0]
    • a
    • Tytuł
    • Progresywne zapożyczenia pochodzenia łacińskiego w polszczyźnie XIX wieku / Find
    • c
    • Pozostałe elementy strefy tytułu i oznaczenia odpowiedzialności (NP)
    • Elżbieta Skorupska-Raczyńska.
260 -Strefa adresu wydawniczego [ , ]
    • a
    • Miejsce wydania (P)
    • Gorzów Wlkp. :
    • b
    • Nazwa wydawcy (P)
    • Wojewódzki Ośrodek Metodyczny,
    • c
    • Data wydania (P)
    • [2000].
300 -Strefa opisu fizycznego [ , ]
    • a
    • Określenie formy książki i/lub objętość (NP)
    • 222 s., [1] k. tabl. złoż. ;
    • c
    • Format (NP)
    • 24 cm.
336 -Typ zawartości [ , ]
    • a
    • Termin opisujący typ zawartości
    • Tekst
    • b
    • Kod określający zawartość
    • txt
    • 2
    • Źródło (terminu i kodu)
    • rdacontent
337 -Typ mediów [ , ]
    • a
    • Tryb odtwarzania
    • Bez urządzenia pośredniczącego
    • b
    • Kod typu mediów
    • n
    • 2
    • Źródło (terminu i kodu)
    • rdamedia
338 -Typ/rodzaj nośnika [ , ]
    • a
    • Hasło opisujące typ nośnika
    • Wolumin
    • b
    • Kod typu nośnika
    • nc
    • 2
    • Źródło (terminu i kodu)
    • rdacarrier
500 -Uwaga ogólna [ , ]
    • a
    • Uwaga ogólna (NP)
    • R. wyd. wg BN.
504 -Uwaga dot. bibliogr. załącznikowej [ , ]
    • a
    • Uwaga dot. bibliografii załącznikowej
    • Bibliogr. s. 185-205. Indeksy.
080 -Uniwersalna Klasyfikacja Dziesiętna [ , ]
    • a
    • Symbol klasyfikacji
    • 808.4::801.3"18"
650 -Hasło przedmiotowe [ ,7]
    • a
    • Hasło przedmiotowe
    • Język polski
    • x
    • Określnik rzeczowy
    • zapożyczenia łacińskie.
    • 2
    • Źródło terminu
    • kaba
    • 9
    • KHW
    • 588565
650 -Hasło przedmiotowe [ ,7]
    • a
    • Hasło przedmiotowe
    • Język polski
    • y
    • Określnik chronologiczny
    • 19 w.
    • x
    • Określnik rzeczowy
    • zapożyczenia łacińskie.
    • 2
    • Źródło terminu
    • kaba
    • 9
    • KHW
    • 644958
650 -Hasło przedmiotowe [ ,7]
    • a
    • Hasło przedmiotowe
    • Język łaciński
    • x
    • Określnik rzeczowy
    • wpływ na język polski.
    • 2
    • Źródło terminu
    • kaba
    • 9
    • KHW
    • 510704
980 -Symbol UKD [ , ]
    • a
    • UKD
    • 808.4::801.3"18"
920 -ISBN [ , ]
    • a
    • ISBN
    • 83-86710-62-4 Find
Numer inwentarzowy Status udost. Lokalizacja Data inwentaryzacji Sygnatura
P.18242-3BM2002-03-28Pol. Językoznawstwo 04
P.182411BM2002-03-28POL.Leksykologia i leksykogr. 10